Loading...
| Arts - Music | 5 | 28.00 | 100% | 100% | 80% |
| Arts - Other Arts | 4 | 22.50 | 100% | 75% | 50% |
| Arts - Painting | 8 | 15.00 | 75% | 50% | 25% |
| History - American | 1 | 20.00 | 100% | 100% | 0% |
| History - American History | 8 | 22.50 | 100% | 100% | 25% |
| History - European | 8 | 20.00 | 100% | 75% | 25% |
| History - Other History | 6 | 21.67 | 100% | 67% | 50% |
| History - World History | 8 | 25.00 | 100% | 88% | 63% |
| Literature - American Lit | 6 | 20.00 | 83% | 67% | 50% |
| Literature - British Lit | 5 | 22.00 | 100% | 80% | 40% |
| Literature - European Lit | 3 | 23.33 | 100% | 100% | 33% |
| Literature - World Lit | 7 | 22.86 | 100% | 100% | 29% |
| Mythology | 4 | 17.50 | 100% | 75% | 0% |
| Other - Geo/CE | 8 | 23.75 | 100% | 88% | 50% |
| Other Academic | 9 | 18.89 | 89% | 89% | 11% |
| Philosophy | 1 | 20.00 | 100% | 100% | 0% |
| Pop Culture | 8 | 17.50 | 88% | 50% | 38% |
| Religion | 7 | 20.00 | 100% | 86% | 14% |
| Science - Biology | 8 | 5.00 | 50% | 0% | 0% |
| Science - Chemistry | 6 | 8.33 | 67% | 17% | 0% |
| Science - Engineering | 2 | 15.00 | 50% | 100% | 0% |
| Science - Other Science | 5 | 22.00 | 100% | 60% | 60% |
| Science - Physics | 9 | 15.56 | 100% | 56% | 0% |
| Thought - Philosophy | 6 | 25.00 | 100% | 83% | 67% |
| Thought - Social Science | 7 | 25.71 | 100% | 100% | 57% |